Loading...
History - World History | 0 | 7 | 0 | 1 | 70 | 36 | 88.86 | 1 | 3 |
History - European History | 0 | 5 | 1 | 0 | 45 | 61 | 96.40 | 0 | 2 |
Religion | 0 | 4 | 1 | 1 | 35 | 94 | 118.25 | 0 | 1 |
Current Events | 0 | 2 | 0 | 0 | 20 | 89 | 99.00 | 0 | 0 |
Fine Arts - Painting & Sculpture | 0 | 2 | 0 | 0 | 20 | 129 | 141.00 | 0 | 0 |
Social Science | 0 | 2 | 0 | 0 | 20 | 94 | 100.50 | 0 | 1 |
History - Other History | 0 | 2 | 1 | 0 | 15 | 101 | 111.50 | 0 | 0 |
Literature - British Literature | 0 | 1 | 0 | 0 | 10 | 135 | 135.00 | 0 | 0 |
Other Academic | 0 | 1 | 0 | 1 | 10 | 135 | 135.00 | 0 | 0 |
Philosophy | 0 | 1 | 0 | 0 | 10 | 56 | 56.00 | 1 | 1 |
History - American History | 0 | 2 | 2 | 0 | 10 | 73 | 98.50 | 0 | 0 |
Geography | 0 | 1 | 0 | 0 | 10 | 74 | 74.00 | 0 | 1 |
Science - Biology | 0 | 1 | 1 | 1 | 5 | 125 | 125.00 | 0 | 0 |
Science - Other Science | 0 | 0 | 1 | 0 | -5 | 0.00 | 0 | 0 |